| 000 | 01030nam a2200253Ia 4500 | ||
|---|---|---|---|
| 003 | OSt | ||
| 005 | 20220923215720.0 | ||
| 006 | a|||||r|||| 00| 0 | ||
| 007 | ta | ||
| 008 | 220922b |||||||| |||| 00| 0 hin d | ||
| 024 | _a181,152 | ||
| 037 | _cTextual | ||
| 040 |
_aARTS _cARTS _bhin |
||
| 041 |
_2hin _ahin |
||
| 082 | _aO152,1N2:g(Y:1), L6 | ||
| 100 | _aअवस्थी, विश्वम्भर नाथ | ||
| 245 | 0 | _aछायावादोत्तर हिन्दी प्रबन्ध काव्यों का सांस्कृतिक अनुशीलन | |
| 246 | _aChhāyāvādottar hindī prabandha kāvyoan kā sāanskṛutik anushīlana | ||
| 260 |
_aइलाहाबाद _b सरस्वती प्रकाशन _c1976 |
||
| 300 |
_a399 पृ. _ccm. |
||
| 650 |
_aहिन्दी साहित्य _9156264 |
||
| 942 |
_hO152,1N2:g(Y:1), L6 _cTEXL _2CC |
||
| 999 |
_c334530 _d334530 |
||